000
00209nam a22000977a 4500
999
_c
263616
_d
263615
020
_a
0766607151
100
_a
Anna Sewell
245
_a
Black Beauty
260
_a
New York
_b
HarperTrophy
_c
2005
942
_c
BK